LEADER 04934oam 2200901 c 450 001 996308787603316 005 20220221094418.0 010 $a3-8394-3120-4 024 7 $a10.14361/9783839431207 035 $a(CKB)3710000000415658 035 $a(EBL)2055335 035 $a(SSID)ssj0001553078 035 $a(PQKBManifestationID)16171439 035 $a(PQKBTitleCode)TC0001553078 035 $a(PQKBWorkID)14812961 035 $a(PQKB)11396519 035 $a(MiAaPQ)EBC2055335 035 $a(DE-B1597)453236 035 $a(OCoLC)1002262676 035 $a(OCoLC)1004868015 035 $a(OCoLC)1011440143 035 $a(OCoLC)1013947615 035 $a(OCoLC)1037980183 035 $a(OCoLC)1041993722 035 $a(OCoLC)1046623261 035 $a(OCoLC)1047005051 035 $a(OCoLC)1049610898 035 $a(OCoLC)1054880238 035 $a(OCoLC)979971444 035 $a(OCoLC)987942544 035 $a(OCoLC)992527459 035 $a(OCoLC)999372000 035 $a(DE-B1597)9783839431207 035 $a(MiAaPQ)EBC6695264 035 $a(Au-PeEL)EBL6695264 035 $a(OCoLC)910069898 035 $a(ScCtBLL)63df1f32-e49e-4998-b3f2-25a96b7d667d 035 $a(transcript Verlag)9783839431207 035 $a(EXLCZ)993710000000415658 100 $a20220221d2015 uy 0 101 0 $ager 135 $aur|n|---||||| 181 $ctxt 182 $cc 183 $acr 200 10$aQuo vadis, politischer Islam?$eAKP, al-Qaida und Muslimbruderschaft in systemtheoretischer Perspektive$fThorsten Hasche 205 $a1st ed. 210 $aBielefeld$ctranscript Verlag$d2015 215 $a1 online resource (391 p.) 225 0 $aEdition Politik$v25 300 $aDescription based upon print version of record. 311 $a3-8376-3120-6 320 $aIncludes bibliographical references. 327 $aFrontmatter 1 Inhalt 5 Tabellen 9 Vorwort 11 1. Die Erforschung des politischen Islam 15 2. Niklas Luhmanns methodologische Anspru?che an die Gesellschaftstheorie und die Methodologie der Sozialwissenschaften 59 3. Das weltpolitische System im Spannungsverha?ltnis von funktionaler Differenzierung und alternativen Differenzierungsformen 111 4. Einfu?hrung in Aufbau und Vorgehensweise der Fallstudien 193 5. Die Muslimbruderschaft und der Ursprung des politischen Islam 235 7. Die Genese und Entwicklung des militanten Dschihadismus durch die al-Qaida 281 8. Die Systemtheorie der Politik und ihr Blick auf den sunnitischen politischen Islam 315 Literaturverzeichnis 341 Verweise auf Internetseiten 387 Backmatter 388 330 $aSowohl der »Arabische Fru?hling« als auch das Erstarken der dschihadistischen Kampfgruppe »Islamischer Staat« haben die diversen islamistischen Bewegungen in den Fokus der medialen und publizistischen Aufmerksamkeit ru?cken lassen. Auf der Basis der Gesellschaftstheorie der Politik Niklas Luhmanns untersucht Thorsten Hasche mit der AKP, der al-Qaida und der Muslimbruderschaft drei zentrale Bewegungen des sunnitischen Islamismus. Historisch und vergleichend nimmt er dabei ihre Vordenker, ihre politischen Ideologien und ihre Strukturen in den Blick. Es wird deutlich: Der sunnitische politische Islam wird auch mittelfristig ein wirkma?chtiger Bestandteil des weltpolitischen Systems bleiben. 330 1 $a»Eine aktuelle, komplexe und fachu?bergreifende Analyse des Islamismus.« Dieter Bach, www.lehrerbibliothek.de, 15.09.2015 Besprochen in: Portal fu?r Politikwissenschaft, 06.08.2015, Ulrich Heisterkamp VKRG inform, 4 (2015) 410 0$aEdition Politik 606 $aAKP; Al-Qaida; Muslimbruderschaft; Politischer Islam; Niklas Luhmann; Islam; Politik; Politische Ideologien; Islamwissenschaft; Terrorismus; Politische Parteien; Politikwissenschaft; JPD; Al-Qaeda; Muslim Brotherhood; Political Islam; Politics; Political Ideologies; Islamic Studies; Terrorism; Political Parties; Political Science; 610 $aAl-Qaeda. 610 $aIslam. 610 $aIslamic Studies. 610 $aMuslim Brotherhood. 610 $aNiklas Luhmann. 610 $aPolitical Ideologies. 610 $aPolitical Islam. 610 $aPolitical Parties. 610 $aPolitical Science. 610 $aPolitics. 610 $aTerrorism. 615 4$aAKP; Al-Qaida; Muslimbruderschaft; Politischer Islam; Niklas Luhmann; Islam; Politik; Politische Ideologien; Islamwissenschaft; Terrorismus; Politische Parteien; Politikwissenschaft; JPD; Al-Qaeda; Muslim Brotherhood; Political Islam; Politics; Political Ideologies; Islamic Studies; Terrorism; Political Parties; Political Science; 676 $a320 557 700 $aHasche$b Thorsten$4aut$0991626 801 0$bDE-B1597 801 1$bDE-B1597 906 $aBOOK 912 $a996308787603316 996 $aQuo vadis, politischer Islam$92269459 997 $aUNISA LEADER 02302nam 2200637Ia 450 001 9910792253503321 005 20200520144314.0 010 $a9786613044525 010 $a0-19-973590-5 010 $a0-19-984263-9 010 $a1-283-04452-8 035 $a(CKB)2560000000299201 035 $a(SSID)ssj0000472196 035 $a(PQKBManifestationID)11323249 035 $a(PQKBTitleCode)TC0000472196 035 $a(PQKBWorkID)10428993 035 $a(PQKB)10622493 035 $a(StDuBDS)EDZ0000077249 035 $a(MiAaPQ)EBC3054079 035 $a(Au-PeEL)EBL3054079 035 $a(CaPaEBR)ebr10457982 035 $a(CaONFJC)MIL304452 035 $a(OCoLC)741648214 035 $a(MiAaPQ)EBC7034986 035 $a(Au-PeEL)EBL7034986 035 $a(PPN)154215457 035 $a(EXLCZ)992560000000299201 100 $a20100611d2011 uy 0 101 0 $aeng 135 $aur||||||||||| 181 $ctxt 182 $cc 183 $acr 200 10$aPolitical parties, business groups, and corruption in developing countries$b[electronic resource] /$fVineeta Yadav 210 $aOxford ;$aNew York $cOxford University Press$dc2011 215 $a1 online resource 300 $aBibliographic Level Mode of Issuance: Monograph 311 $a0-19-973591-3 311 $a0-19-989478-7 320 $aIncludes bibliographical references and index. 330 8 $aPolitical corruption is one of the globe's most pressing yet seemingly permanent problems. It is a root cause of low growth and inequality, and plagues numerous nations throughout the world to varying degrees. This book examines corruption levels in sixty-four developing democracies over a twenty-year period. 606 $aBusiness and politics$zDeveloping countries 606 $aPolitical corruption$zDeveloping countries 606 $aPolitical parties$zDeveloping countries 615 0$aBusiness and politics 615 0$aPolitical corruption 615 0$aPolitical parties 676 $a324.209172/4 700 $aYadav$b Vineeta$01535476 801 0$bMiAaPQ 801 1$bMiAaPQ 801 2$bMiAaPQ 906 $aBOOK 912 $a9910792253503321 996 $aPolitical parties, business groups, and corruption in developing countries$93783725 997 $aUNINA